00942nam a2200253zi 4500003000400000005001700004008004100021020001800062035001900080040002300099050001700122100002900139240003100168245024200199300001600441336002200457337002400479338002400503490002300527650003100550650004000581700004600621700002100667OSt20260601193857.0260420b1995 sp |||| |||| 00| 0 spa d a9788449324192 aMX001000713473 aICIbspacICIerda aBF408bG3718 1aGardner, Howard,e autor 1aCreating minds lEspañol 1aMentes creativas :buna anatomia de la creatividad vista a traves de las vidas de Sigmund Freud, Albert Einstein, Pablo Picasso, Igor Stravinsky, T.S. Eliot, Martha Graham, Mahatma Gandhi / cHoward Gardher ; tr. Jose Pedro Tosaus Abadia a554 paginas 2rdacontentatexto 2rdamediaasin medio 2rdacarrieravolumen 0aPaidos testimonios aAptitud creadoraxEstudios aPersonas superdotadas vBiografía 1aTosaus Abadía, José Pedro,etraductor 1a Gardner, Howard